Statistics for Stanley Kubrick Movies Quiz

Click here to take the quiz!

General Stats

  • This quiz has been taken 21,538 times
  • The average score is 6 of 13

Answer Stats

YearMovie% Correct
1971A Clockwork Orange
90%
19682001: A Space Odyssey
83%
1980The Shining
75%
1999Eyes Wide Shut
74%
1987Full Metal Jacket
63%
1964Dr. Strangelove
55%
1975Barry Lyndon
43%
1962Lolita
41%
1960Spartacus
39%
1957Paths of Glory
32%
1956The Killing
25%
1955Killer's Kiss
16%
1953Fear and Desire
15%

Score Distribution

Percentile by Number Answered

Percent of People with Each Score

Your Score History

You have not taken this quiz